000 01170nam a2200325 i 4500
003 EG-GICUC
005 20260121101531.0
008 251222s1989 ua ||||fr|||| 000 0 ara d
017 _a1989/5396
020 _a9770040050501
040 _a EG-GICUC
_bara
_c EG-GICUC
_d EG-GICUC
_erda
041 _aara
082 0 4 _221
_a345.4392
_bف ت . ق
092 0 4 _221
099 _aLaw1 07 345.4392 ف ت . ق 1989
100 0 _aفتحي فكري
_eمؤلف.
245 1 0 _aقيود تعبير الموظف عن آرائه في الصحف
_cدكتور فتحي فكري.
264 1 _aالقاهرة :
_bدار النهضة العربية,
_c1989.
300 _a88 صفحة؛
_c24 سم
_bإيضاحيات، صور، مثيليات ؛
336 _2rda content
_atext
337 _2rda media
_aComputer
338 _2rda carrier
_aOnline Resource
504 _a. 86-83 ببليوجرافيا: صفحات.
546 _aالنص باللغة العربية
650 1 4 _aالحقوق السياسية للموظف العام
_2qrmak
651 1 _2qrmak
856 4 0 _uhttps://fll.law.cu.edu.eg/fulltext/bks/B07-01729.pdf
905 _a79
942 _2ddc
_cBK
_e21
_n0
999 _c52101
_d52101